Erby a naša súťaž

Bibliographic Details
Format: Article
Language:Slovak
PhysicalDescription:Obr. 1.
Subjects:

MARC

LEADER 00000nab a2200000 a 4500
001 vtls000459902
003 SK-MaSNL
005 20260303001315.0
008 120926c1992 xo 0 slo
015 |a SNBRB19rr/mm-uuuuu 
035 |a CL0460034 
040 |a SNKBUCL  |b slo  |c SNKBUCL  |e AACR2 
041 0 |a slo 
044 |a xo  |c SK 
080 |a 929.6(437.618)  |2 1981 
245 0 0 |a Erby a naša súťaž 
300 |b Obr. 1. 
650 0 7 |a mestské erby  |2 snkbucl  |9 57249 
651 7 |a 5205  |2 snkbucl  |9 276526 
651 7 |a Levice (Slovensko)  |2 snkbucl  |9 55713 
655 7 |a články z novín a časopisov  |2 snkbucl  |9 267496 
773 0 |t Mosty  |g Roč. 1, č. 7 (1992), s. 4 
850 |a Slovenská národná knižnica v Martine  |a MTA001 
852 |a SNK  |b KIS3GCP 
958 |a RK 
992 |a RBX 
999 |c 1562846  |d 1564776